[Event "Lloyds Bank Masters 16th"]
[Site "London"]
[Date "1992.08.28"]
[Round "7"]
[White "Thipsay, Praveen Mahadeo"]
[Black "Webster, Andrew A"]
[Result "1/2-1/2"]
[WhiteElo "2475"]
[BlackElo "2330"]
[PlyCount "114"]
[EventDate "1992.08.22"]
[EventType "swiss"]
[EventRounds "10"]
[EventCountry "ENG"]
[SourceTitle "BritBase"]
[Source "John Saunders"]
[SourceDate "2023.12.16"]
[SourceVersion "1"]
[SourceVersionDate "2023.12.16"]
[SourceQuality "1"]

1. e4 e6 2. d4 d5 3. e5 c5 4. c3 Bd7 5. Nf3 Nc6 6. Be2 f6 7. O-O fxe5 8. Nxe5
Nxe5 9. dxe5 Qc7 10. c4 d4 11. Bf4 O-O-O 12. Nd2 Ne7 13. Ne4 Nf5 14. b4 h6 15.
h3 g5 16. Bh2 Bc6 17. Bd3 cxb4 18. c5 Bxe4 19. Bxe4 Bxc5 20. Qb3 Rhe8 21. a3
bxa3 22. Rfc1 b6 23. Qd3 Re7 24. g4 Nh4 25. Bg3 Rf8 26. Rxa3 Ref7 27. Rb3 Rf3
28. Qc4 d3 29. Rxd3 Rxg3+ 30. Rxg3 Bxf2+ 31. Kh1 Qxc4 32. Rxc4+ Bc5 33. Rc1 Rf2
34. Rgg1 Nf3 35. Rg2 Rxg2 36. Kxg2 Nxe5 37. Rf1 Be7 38. Kf2 Kd7 39. Ke2 a5 40.
Rb1 Bc5 41. Bc2 Ke7 42. Ba4 Ng6 43. Rd1 Nf4+ 44. Kf3 Nd5 45. Bc6 Nc3 46. Rd3
Bb4 47. Rd7+ Kf6 48. Rh7 a4 49. Rxh6+ Ke7 50. Rh7+ Kd6 51. Bxa4 Nxa4 52. h4
gxh4 53. g5 Bc3 54. g6 b5 55. g7 Bxg7 56. Rxg7 b4 57. Ke3 Kd5 1/2-1/2

[Event "Lloyds Bank Masters 16th"]
[Site "London"]
[Date "1992.08.28"]
[Round "7"]
[White "Ward, Christopher G"]
[Black "Gallagher, Joseph G"]
[Result "1/2-1/2"]
[WhiteElo "2440"]
[BlackElo "2510"]
[PlyCount "59"]
[EventDate "1992.08.22"]
[EventType "swiss"]
[EventRounds "10"]
[EventCountry "ENG"]
[SourceTitle "BritBase"]
[Source "John Saunders"]
[SourceDate "2023.12.16"]
[SourceVersion "1"]
[SourceVersionDate "2023.12.16"]
[SourceQuality "1"]

1. d4 g6 2. c4 Bg7 3. e4 d6 4. Nc3 Nf6 5. f3 a6 6. Be3 Nc6 7. Qd2 Rb8 8. Nge2
O-O 9. g4 b5 10. h4 h5 11. Ng3 e5 12. dxe5 Nxe5 13. Be2 hxg4 14. f4 Nf3+ 15.
Bxf3 gxf3 16. h5 Ng4 17. O-O-O Nxe3 18. Qxe3 b4 19. Nd5 c6 20. h6 Bf6 21. Nxf6+
Qxf6 22. f5 a5 23. Nh5 gxh5 24. Rxd6 Be6 25. Qxf3 Kh7 26. Qxh5 Rbd8 27. Rxd8
Rxd8 28. fxe6 fxe6 29. Qh4 Qd4 30. Qe7+ 1/2-1/2

[Event "Lloyds Bank Masters 16th"]
[Site "London"]
[Date "1992.08.28"]
[Round "7"]
[White "Thurlow, Kevin J"]
[Black "Van Parreren, Hanneke"]
[Result "1/2-1/2"]
[WhiteElo "2095"]
[BlackElo "2160"]
[PlyCount "60"]
[EventDate "1992.08.22"]
[EventType "swiss"]
[EventRounds "10"]
[EventCountry "ENG"]
[SourceTitle "Thurlow, Kevin"]

1. c4 f5 2. d4 Nf6 3. Nc3 g6 4. g3 Bg7 5. Bg2 d6 6. e3 O-O 7. Nge2 e5 8. O-O c6
9. b3 Qc7 10. Bb2 Nbd7 11. b4 Nb6 12. Qb3 Be6 13. d5 cxd5 14. cxd5 Bf7 15. Rfd1
Nc4 16. Nb5 Qd7 17. Qxc4 Rfc8 18. Qb3 Qxb5 19. Nc3 Qc4 20. Qxc4 Rxc4 21. Bf1
Rcc8 22. Rac1 a6 23. a4 Nd7 24. a5 e4 25. Na4 Bxb2 26. Nxb2 Kf8 27. Nc4 Ke7 28.
Rb1 Rc7 29. Kg2 Rac8 30. Rd4 Be8 1/2-1/2

[Event "Lloyds Bank Masters 16th"]
[Site "London"]
[Date "1992.08.29"]
[Round "8"]
[White "Norwood, David Robert"]
[Black "Timoscenko, Gennadij A"]
[Result "1/2-1/2"]
[WhiteElo "2510"]
[BlackElo "2515"]
[PlyCount "34"]
[EventDate "1992.08.22"]
[EventType "swiss"]
[EventRounds "10"]
[EventCountry "ENG"]
[SourceTitle "BritBase"]
[Source "John Saunders"]
[SourceDate "2023.12.16"]
[SourceVersion "1"]
[SourceVersionDate "2023.12.16"]
[SourceQuality "1"]

1. g3 c5 2. Bg2 g6 3. c4 Bg7 4. Nc3 Nc6 5. e3 e6 6. Nge2 Nge7 7. b3 O-O 8. Bb2
d5 9. cxd5 exd5 10. O-O d4 11. Na4 b6 12. exd4 cxd4 13. Rc1 Bb7 14. Re1 Qd7 15.
Nf4 Rad8 16. Ba3 Ne5 17. Nb2 Bxg2 1/2-1/2

[Event "Lloyds Bank Masters 16th"]
[Site "London"]
[Date "1992.08.29"]
[Round "8"]
[White "Crouch, Colin S"]
[Black "Pritchett, Craig William"]
[Result "1/2-1/2"]
[WhiteElo "2425"]
[BlackElo "2350"]
[PlyCount "120"]
[EventDate "1992.08.22"]
[EventType "swiss"]
[EventRounds "10"]
[EventCountry "ENG"]
[SourceTitle "BritBase"]
[Source "John Saunders"]
[SourceDate "2023.12.16"]
[SourceVersion "1"]
[SourceVersionDate "2023.12.16"]
[SourceQuality "1"]

1. d4 Nf6 2. c4 e6 3. Nc3 Bb4 4. Qc2 O-O 5. a3 Bxc3+ 6. Qxc3 b6 7. Bg5 Bb7 8.
Nf3 d6 9. Nd2 Nbd7 10. f3 h6 11. Bh4 c5 12. e4 Re8 13. Bg3 Qc7 14. Rd1 Nh5 15.
Bf2 d5 16. g3 cxd4 17. Bxd4 dxe4 18. fxe4 e5 19. Bf2 Nc5 20. Bg2 Rad8 21. O-O
Rd3 22. Qc2 Red8 23. b4 Ne6 24. Nb1 Rxd1 25. Rxd1 Rxd1+ 26. Qxd1 Qxc4 27. Nd2
Qc3 28. Qxh5 Qxd2 29. Qxe5 Qc1+ 30. Bf1 Qc6 31. h4 Qxe4 32. Qxe4 Bxe4 33. Bc4
Nc7 34. Bd4 b5 35. Be5 bxc4 36. Bxc7 c3 37. b5 f6 38. Kf2 c2 39. Bf4 Kf7 40.
Ke2 Ke6 41. Kd2 Kd5 42. Kc3 g5 43. Be3 Bg6 44. Kd2 Kc4 45. hxg5 fxg5 46. Bxa7
Kxb5 47. Bd4 Kc4 48. Bg7 Kb3 49. Kc1 h5 50. Bf6 h4 51. gxh4 g4 52. Be5 Kxa3 53.
h5 Bh7 54. Bf4 Kb3 55. Kd2 Kc4 56. Ke2 Kd4 57. Kf2 Ke4 58. Bc1 Kf5 59. Kg3 Bg8
60. h6 Bh7 1/2-1/2

[Event "Lloyds Bank Masters 16th"]
[Site "London"]
[Date "1992.08.29"]
[Round "8"]
[White "Hebden, Mark L"]
[Black "Davies, Nigel Rodney"]
[Result "1-0"]
[WhiteElo "2510"]
[BlackElo "2460"]
[PlyCount "133"]
[EventDate "1992.08.22"]
[EventType "swiss"]
[EventRounds "10"]
[EventCountry "ENG"]
[SourceTitle "BritBase"]
[Source "John Saunders"]
[SourceDate "2023.12.16"]
[SourceVersion "1"]
[SourceVersionDate "2023.12.16"]
[SourceQuality "1"]

1. d4 Nf6 2. Nf3 e6 3. c4 b6 4. g3 Ba6 5. b3 Bb7 6. Bg2 Bb4+ 7. Bd2 a5 8. O-O
O-O 9. Bc3 d5 10. Ne5 Na6 11. Bb2 Be7 12. Nc3 c5 13. cxd5 exd5 14. Rc1 Re8 15.
dxc5 Nxc5 16. Qd4 Ne6 17. Qd2 Ne4 18. Nxe4 dxe4 19. Qd7 Nc5 20. Qxd8 Rexd8 21.
Nc4 b5 22. Ne3 Rd2 23. Nf5 Bf8 24. Bxg7 Ne6 25. Bxf8 Kxf8 26. Rfd1 Rad8 27.
Rxd2 Rxd2 28. a4 bxa4 29. bxa4 Nd4 30. Rc7 Nxf5 31. Rxb7 Nd6 32. Rb1 Rxe2 33.
Rd1 Ke7 34. Rd5 Ke6 35. Rxa5 Re1+ 36. Bf1 Nc4 37. Ra6+ Ke5 38. Kg2 Nd2 39. Ra5+
Kd4 40. Ba6 Nf3 41. Bb7 Rg1+ 42. Kh3 Rh1 43. Kg4 Rxh2 44. Rd5+ Kc4 45. Kf4 Rxf2
46. Kxe4 Ne1 47. a5 Re2+ 48. Kf5 Ra2 49. Re5 Ra1 50. Kf6 Nd3 51. Ba6+ Kd4 52.
Bxd3 Kxd3 53. Kxf7 Ra4 54. Kf6 h6 55. Ke7 Rg4 56. a6 Rxg3 57. Kf7 Rf3+ 58. Ke8
Rg3 59. Kd8 Kd4 60. Re7 Kd5 61. a7 Ra3 62. Kc8 Kd6 63. Rh7 Ke5 64. Kb8 Rb3+ 65.
Rb7 Ra3 66. Rb6 h5 67. Rb5+ 1-0

[Event "Lloyds Bank Masters 16th"]
[Site "London"]
[Date "1992.08.29"]
[Round "8"]
[White "Hon, Andrew HL"]
[Black "Knott, Simon John Bradley"]
[Result "1-0"]
[WhiteElo "2215"]
[BlackElo "2330"]
[PlyCount "120"]
[EventDate "1992.08.22"]
[EventType "swiss"]
[EventRounds "10"]
[EventCountry "ENG"]
[SourceTitle "BritBase"]
[Source "John Saunders"]
[SourceDate "2023.12.16"]
[SourceVersion "1"]
[SourceVersionDate "2023.12.16"]
[SourceQuality "1"]

1. e4 e6 2. d4 d5 3. Nc3 Bb4 4. e5 c5 5. a3 Bxc3+ 6. bxc3 Ne7 7. Nf3 Bd7 8. a4
Qa5 9. Bd2 Nbc6 10. Be2 c4 11. O-O O-O-O 12. Re1 f5 13. h4 h6 14. h5 g5 15.
hxg6 Nxg6 16. Qc1 Rh7 17. g3 f4 18. Kg2 Rg8 19. Rh1 Nd8 20. Ra3 fxg3 21. fxg3
Nf7 22. Rh2 Rhg7 23. Rh3 Ne7 24. Bf4 Nf5 25. Nh4 Nxh4+ 26. Rxh4 Qd8 27. Rh3 Qe7
28. Ra1 Ng5 29. Rxh6 Ne4 30. Rh3 Nxc3 31. Bf3 Nxa4 32. c3 Rh7 33. Qc2 Rxh3 34.
Kxh3 Rh8+ 35. Kg2 Qh7 36. Qxh7 Rxh7 37. Bd2 a6 38. g4 Nb2 39. g5 Nd3 40. Bg4
Rg7 41. Kg3 Kc7 42. Bh5 Kb6 43. Be3 a5 44. Kg4 a4 45. g6 Be8 46. Kg5 Ka5 47.
Kh6 Rg8 48. Kh7 Bxg6+ 49. Bxg6 Rf8 50. Bg5 b5 51. Bf6 Rc8 52. Bf7 b4 53. Bxe6
Rc7+ 54. Kh6 b3 55. Bd8 b2 56. Bxc7+ Kb5 57. Bd7+ Ka6 58. Rxa4+ Kb7 59. Ra5
Kxc7 60. Rb5 Kxd7 1-0

[Event "Lloyds Bank Masters 16th"]
[Site "London"]
[Date "1992.08.29"]
[Round "8"]
[White "Rogers, Ian"]
[Black "Frias Pablaza, Victor J"]
[Result "1-0"]
[WhiteElo "2565"]
[BlackElo "2460"]
[PlyCount "101"]
[EventDate "1992.08.22"]
[EventType "swiss"]
[EventRounds "10"]
[EventCountry "ENG"]
[SourceTitle "BritBase"]
[Source "John Saunders"]
[SourceDate "2023.12.16"]
[SourceVersion "1"]
[SourceVersionDate "2023.12.16"]
[SourceQuality "1"]

1. d4 Nf6 2. c4 e6 3. Nc3 Bb4 4. e3 c5 5. Nf3 O-O 6. Bd3 Nc6 7. O-O Bxc3 8.
bxc3 d6 9. Qc2 e5 10. Ng5 h6 11. Nh7 Nxh7 12. Bxh7+ Kh8 13. Be4 Qc7 14. f4 exd4
15. cxd4 cxd4 16. f5 f6 17. exd4 Re8 18. Ba3 b6 19. Qd3 Bb7 20. Bd5 Na5 21. Be6
Bc8 22. Bd5 Bb7 23. Be6 Bc8 24. d5 Nxc4 25. Bc1 Ne5 26. Qh3 Bxe6 27. dxe6 Rac8
28. Bf4 Qc5+ 29. Kh1 Kh7 30. Qh5 Qb5 31. a4 Qb4 32. h3 Re7 33. Rad1 Qxa4 34.
Rxd6 Qe8 35. Qe2 Nc4 36. Rd5 b5 37. Rfd1 a5 38. Qg4 Kh8 39. Qh4 Kh7 40. Qg3 Kh8
41. Rd7 Nb6 42. Qd3 b4 43. Rd8 Rxd8 44. Qxd8 Nc4 45. Qd5 Qa4 46. Qa8+ Re8 47.
Rd8 Rxd8 48. Qxd8+ Kh7 49. e7 Qa1+ 50. Kh2 Qf1 51. Qb8 1-0

[Event "Lloyds Bank Masters 16th"]
[Site "London"]
[Date "1992.08.29"]
[Round "8"]
[White "Saunders, John C"]
[Black "Stirling, William J"]
[Result "1-0"]
[WhiteElo "2160"]
[BlackElo "2245"]
[PlyCount "69"]
[EventDate "1992.08.22"]
[EventType "swiss"]
[EventRounds "10"]
[EventCountry "ENG"]
[SourceTitle "John Saunders"]
[Source "BritBase"]
[SourceDate "2021.01.09"]
[SourceVersion "1"]
[SourceVersionDate "2021.01.09"]
[SourceQuality "1"]

1. e4 c6 2. d4 d5 3. exd5 cxd5 4. Bd3 Nc6 5. c3 Nf6 6. Bf4 Bg4 7. Qb3 Qc8 8.
Nd2 e6 9. Ngf3 Be7 10. O-O Bh5 11. Rfe1 Bg6 12. Bxg6 hxg6 13. h3 O-O 14. Qc2
Re8 15. Rac1 Qd7 16. Ne5 Nxe5 17. dxe5 Nh7 18. Nf3 Rec8 19. Qd2 Qd8 20. g3 Qa5
21. a3 Rc4 22. h4 Rac8 23. Kg2 Qc7 24. Rh1 b5 25. Nd4 Qb7 26. Qd3 Qd7 27. Bd2
a6 28. f4 R4c7 29. h5 Nf8 30. h6 Bc5 31. hxg7 Kxg7 32. f5 gxf5 33. Qe3 Ng6 34.
Qh6+ Kg8 35. Bg5 {(1.50 - 1.00)} 1-0

[Event "Lloyds Bank Masters 16th"]
[Site "London"]
[Date "1992.08.29"]
[Round "8"]
[White "Watson, William Nicholas"]
[Black "Ward, Christopher G"]
[Result "1-0"]
[WhiteElo "2555"]
[BlackElo "2440"]
[PlyCount "75"]
[EventDate "1992.08.22"]
[EventType "swiss"]
[EventRounds "10"]
[EventCountry "ENG"]
[SourceTitle "BritBase"]
[Source "John Saunders"]
[SourceDate "2023.12.16"]
[SourceVersion "1"]
[SourceVersionDate "2023.12.16"]
[SourceQuality "1"]

1. e4 c5 2. Nf3 d6 3. d4 cxd4 4. Nxd4 Nf6 5. Nc3 g6 6. Be2 Bg7 7. O-O O-O 8.
Re1 a6 9. Bf1 b5 10. a4 b4 11. Nd5 Bb7 12. Bg5 Re8 13. Bxf6 exf6 14. Qd2 f5 15.
Qxb4 Ra7 16. a5 Rxe4 17. Rxe4 fxe4 18. Ne3 Ba8 19. Rd1 Rb7 20. Qa3 d5 21. b4
Qd6 22. c4 Qxb4 23. Qxb4 Rxb4 24. Ndc2 Rb2 25. cxd5 Ra2 26. d6 Nd7 27. Bxa6 Kf8
28. Bb5 Ke8 29. a6 Rb2 30. Bc4 Be5 31. Na3 Bc6 32. Bd5 Bxd5 33. Nxd5 Ra2 34.
Nb5 Kd8 35. a7 Kc8 36. Rc1+ Kb7 37. Rc7+ Ka8 38. g3 1-0

[Event "Lloyds Bank Masters 16th"]
[Site "London"]
[Date "1992.08.29"]
[Round "8"]
[White "Thurlow, Kevin J"]
[Black "Dunn, Andrew"]
[Result "0-1"]
[WhiteElo "2095"]
[BlackElo "2245"]
[PlyCount "86"]
[EventDate "1992.08.22"]
[EventType "swiss"]
[EventRounds "10"]
[EventCountry "ENG"]
[SourceTitle "Thurlow, Kevin"]

1. c4 e6 2. Nc3 d5 3. d4 Be7 4. Nf3 Nf6 5. Bf4 O-O 6. e3 c5 7. cxd5 Nxd5 8.
Nxd5 Qxd5 9. Be2 cxd4 10. exd4 Nc6 11. O-O Bf6 12. Be3 Rd8 13. Qa4 Bd7 14. Qc4
Qxc4 15. Bxc4 Nb4 16. a3 Nd5 17. Bxd5 exd5 18. Rac1 Rac8 19. Ne5 Bb5 20. Rxc8
Rxc8 21. Rc1 Rxc1+ 22. Bxc1 Bxe5 23. dxe5 d4 24. f4 Kf8 25. Kf2 Ke7 26. Kf3 Bd3
27. g4 Ke6 28. h4 g6 29. h5 Kd5 30. hxg6 hxg6 31. b3 Bc2 32. Ke2 Bxb3 33. Bd2
Ke4 34. g5 Be6 35. a4 Bg4+ 36. Ke1 b6 37. a5 bxa5 38. Bxa5 Kxf4 39. Bc7 Kxg5
40. Kd2 Bf5 41. Bb8 a5 42. Ba7 d3 43. Ke3 Kh4 0-1

[Event "Lloyds Bank Masters 16th"]
[Site "London"]
[Date "1992.08.29"]
[Round "8"]
[White "Freeman, Michael Joseph"]
[Black "Pert, Nicholas"]
[Result "1-0"]
[WhiteElo "2230"]
[BlackElo "1880"]
[PlyCount "81"]
[EventDate "1992.08.22"]
[EventType "swiss"]
[EventRounds "10"]
[EventCountry "ENG"]
[SourceTitle "chessgamesdotcom"]
[Source "Chessgames.com"]
[SourceDate "2023.12.28"]
[SourceVersion "1"]
[SourceVersionDate "2023.12.28"]
[SourceQuality "1"]

1. d4 Nf6 2. c4 e6 3. Nc3 Bb4 4. e3 Bxc3+ 5. bxc3 c5 6. Bd3 O-O 7. Ne2 d6 8.
O-O Qc7 9. Ng3 b6 10. e4 e5 11. d5 Nbd7 12. a4 a5 13. Ra2 Re8 14. Bg5 h6 15.
Bc1 Nf8 16. f4 exf4 17. Rxf4 Ng6 18. Rxf6 gxf6 19. Nh5 Qe7 20. Qf1 f5 21. exf5
Ne5 22. f6 Qd8 23. Qf4 Ng4 24. Be2 Qd7 25. h3 Qf5 26. hxg4 Qxf4 27. Nxf4 Re4
28. Kf2 Ba6 29. Rb2 Rb8 30. Bd3 Ree8 31. Nh5 Bc8 32. Ng7 Rd8 33. Kf3 Bd7 34.
Ra2 Bc8 35. Bxh6 Kh8 36. g3 Kg8 37. Rh2 b5 38. Ne8 bxc4 39. Bg7 Bxg4+ 40. Kxg4
cxd3 41. Rh8# {Source: chessgames.com} 1-0

[Event "Lloyds Bank Masters 16th"]
[Site "London"]
[Date "1992.08.30"]
[Round "9"]
[White "Corkett, Anthony R"]
[Black "Saunders, John C"]
[Result "1-0"]
[WhiteElo "2340"]
[BlackElo "2160"]
[PlyCount "83"]
[EventDate "1992.08.22"]
[EventType "swiss"]
[EventRounds "10"]
[EventCountry "ENG"]
[SourceTitle "John Saunders"]
[Source "BritBase"]
[SourceDate "2021.01.09"]
[SourceVersion "1"]
[SourceVersionDate "2021.01.09"]
[SourceQuality "1"]

1. d4 Nf6 2. Nf3 d6 3. Nc3 Bg4 4. e4 c6 5. a4 Nbd7 6. Be2 e5 7. O-O Be7 8. Be3
O-O 9. h3 Bxf3 10. Bxf3 Re8 11. a5 b6 12. d5 cxd5 13. Nxd5 Nxd5 14. Qxd5 Nf6
15. Qb3 bxa5 16. Qa2 Qc7 17. Rfc1 Bd8 18. Bd2 Qb7 19. Bxa5 Bxa5 20. Qxa5 Rec8
21. Qd2 Rc6 22. c3 g6 23. b4 Kg7 24. Qe3 a6 25. g4 h6 26. Be2 Rac8 27. h4 Rb6
28. f3 h5 29. g5 Nd7 30. Ra3 Nf8 31. Rca1 Ra8 32. b5 Ne6 33. Rxa6 Rbxa6 34.
bxa6 Qb2 35. Ra5 Nf4 36. Bf1 Rc8 37. a7 Rxc3 38. Qf2 Rc2 39. Qxc2 Qxc2 40. a8=Q
Qd1 41. Qd8 Qb3 42. Kh2 {(2.10-2.38)} 1-0

[Event "Lloyds Bank Masters 16th"]
[Site "London"]
[Date "1992.08.30"]
[Round "9"]
[White "Gurevich, Ilya"]
[Black "Rogers, Ian"]
[Result "0-1"]
[WhiteElo "2510"]
[BlackElo "2565"]
[PlyCount "54"]
[EventDate "1992.08.22"]
[EventType "swiss"]
[EventRounds "10"]
[EventCountry "ENG"]
[SourceTitle "BritBase"]
[Source "John Saunders"]
[SourceDate "2023.12.16"]
[SourceVersion "1"]
[SourceVersionDate "2023.12.16"]
[SourceQuality "1"]

1. e4 c5 2. Nf3 d6 3. d4 cxd4 4. Nxd4 Nf6 5. Nc3 g6 6. Be3 Bg7 7. f3 Nc6 8. Qd2
O-O 9. O-O-O d5 10. exd5 Nxd5 11. Nxc6 bxc6 12. Bd4 Bxd4 13. Qxd4 Qb6 14. Nxd5
cxd5 15. Qxd5 Be6 16. Qd4 Qa5 17. a3 Rfd8 18. Qb4 Qg5+ 19. Rd2 a5 20. Qc3 Rac8
21. h4 Qf4 22. Kd1 Bd5 23. Qxa5 Bxf3+ 24. Kc1 Be4 25. c4 Bxg2 26. Bxg2 Rxc4+
27. Kd1 Rxd2+ 0-1

[Event "Lloyds Bank Masters 16th"]
[Site "London"]
[Date "1992.08.30"]
[Round "9"]
[White "Hennigan, Michael T"]
[Black "Gallagher, Joseph G"]
[Result "0-1"]
[WhiteElo "2400"]
[BlackElo "2510"]
[PlyCount "61"]
[EventDate "1992.08.22"]
[EventType "swiss"]
[EventRounds "10"]
[EventCountry "ENG"]
[SourceTitle "BritBase"]
[Source "John Saunders"]
[SourceDate "2023.12.16"]
[SourceVersion "1"]
[SourceVersionDate "2023.12.16"]
[SourceQuality "1"]

1. e4 c5 2. Nf3 d6 3. d4 cxd4 4. Nxd4 Nf6 5. Nc3 a6 6. Be3 Ng4 7. Bg5 h6 8. Bh4
g5 9. Bg3 Bg7 10. Be2 h5 11. h4 gxh4 12. Bxh4 Nc6 13. Nb3 Be6 14. Qd2 Qb6 15.
Nd5 Bxd5 16. exd5 Nd4 17. Bxg4 hxg4 18. O-O-O Nf5 19. Bg5 Rxh1 20. Rxh1 Qb5 21.
Rd1 Qc4 22. Qd3 Qxd3 23. Rxd3 Kd7 24. Na5 Rh8 25. Bf4 Rh1+ 26. Kd2 Bxb2 27. Ke2
Nd4+ 28. Ke3 Re1+ 29. Kd2 Re2+ 30. Kd1 Rxf2 31. Bg3 0-1

[Event "Lloyds Bank Masters 16th"]
[Site "London"]
[Date "1992.08.30"]
[Round "9"]
[White "Hodgson, Julian M"]
[Black "Howell, James C"]
[Result "0-1"]
[WhiteElo "2535"]
[BlackElo "2465"]
[PlyCount "144"]
[EventDate "1992.08.22"]
[EventType "swiss"]
[EventRounds "10"]
[EventCountry "ENG"]
[SourceTitle "BritBase"]
[Source "John Saunders"]
[SourceDate "2023.12.16"]
[SourceVersion "1"]
[SourceVersionDate "2023.12.16"]
[SourceQuality "1"]

1. d4 d5 2. c4 dxc4 3. Nf3 e6 4. e3 Nf6 5. Bxc4 a6 6. a4 c5 7. O-O Nc6 8. Qe2
Qc7 9. Nc3 Bd6 10. dxc5 Bxc5 11. Bd2 O-O 12. Rac1 Rd8 13. Bd3 Ne5 14. Nxe5 Qxe5
15. f4 Qd6 16. Rcd1 Bd7 17. Kh1 Bc6 18. Be1 Qc7 19. e4 Rd7 20. e5 Nd5 21. Nxd5
Rxd5 22. b4 Be7 23. b5 axb5 24. axb5 Be8 25. Rb1 Ra4 26. b6 Qb8 27. Qc2 Rc5 28.
Qe2 Rd5 29. Bc4 Rd4 30. Bb3 Rxf4 31. Bxa4 Qxe5 32. Rxf4 Qxe2 33. Bxe8 f5 34.
Bb5 Qc2 35. Ra1 Kf7 36. Rf3 Qb2 37. Ra5 Bb4 38. Ra7 Bxe1 39. Rxb7+ Kf6 40. Bf1
Ba5 41. Ba6 Bxb6 42. Rf1 Qd4 43. Be2 Bc5 44. Bf3 h6 45. Rbb1 g6 46. Rbd1 Qe5
47. Rde1 Qd6 48. Rc1 Ba7 49. Rc6 Qe5 50. Rd1 Kg5 51. g3 h5 52. Rc2 h4 53. gxh4+
Kxh4 54. Re2 Qf4 55. Rf1 Bb8 56. Rg2 g5 57. Be2 Qe4 58. Bf3 Qf4 59. Be2 Qe4 60.
Bf3 Qe3 61. Re2 Qf4 62. Rg2 g4 63. Be2 Qe4 64. Rd1 Ba7 65. Bd3 Qe3 66. Be2 Bb8
67. Rb1 Bf4 68. Rd1 Qe4 69. Bd3 Qb7 70. Be2 Kg5 71. Bc4 Bxh2 72. Bxe6 Qf3 0-1

[Event "Lloyds Bank Masters 16th"]
[Site "London"]
[Date "1992.08.30"]
[Round "9"]
[White "Levitt, Jonathan P"]
[Black "Adams, Michael"]
[Result "1/2-1/2"]
[WhiteElo "2455"]
[BlackElo "2610"]
[PlyCount "78"]
[EventDate "1992.08.22"]
[EventType "swiss"]
[EventRounds "10"]
[EventCountry "ENG"]
[SourceTitle "BritBase"]
[Source "John Saunders"]
[SourceDate "2023.12.16"]
[SourceVersion "1"]
[SourceVersionDate "2023.12.16"]
[SourceQuality "1"]

1. d4 e6 2. c4 Bb4+ 3. Bd2 a5 4. e3 d6 5. Nc3 f5 6. Bd3 Nf6 7. Qc2 O-O 8. Nge2
Nc6 9. a3 Bxc3 10. Nxc3 e5 11. d5 Ne7 12. f4 exf4 13. exf4 c6 14. dxc6 Nxc6 15.
O-O Qb6+ 16. Kh1 Ng4 17. Nd1 Nd4 18. Qc3 Nb3 19. Rb1 a4 20. h3 Nf6 21. Be3 Qc6
22. Bd4 Nc5 23. Kh2 Nfe4 24. Qc2 Nxd3 25. Qxd3 Be6 26. Ne3 Rac8 27. Rbc1 Rc7
28. Rc2 Rfc8 29. Rfc1 Qe8 30. Nd5 Bxd5 31. cxd5 Rxc2 32. Rxc2 Rxc2 33. Qxc2 Qd7
34. Qc4 h6 35. Qb4 Kh7 36. Qa5 b5 37. Qa8 Qf7 38. Qc6 Qg6 39. Qd7 Qg3+ 1/2-1/2

[Event "Lloyds Bank Masters 16th"]
[Site "London"]
[Date "1992.08.30"]
[Round "9"]
[White "Nijboer, Friso"]
[Black "Hon, Andrew HL"]
[Result "1-0"]
[WhiteElo "2485"]
[BlackElo "2215"]
[PlyCount "45"]
[EventDate "1992.08.22"]
[EventType "swiss"]
[EventRounds "10"]
[EventCountry "ENG"]
[SourceTitle "BritBase"]
[Source "John Saunders"]
[SourceDate "2023.12.16"]
[SourceVersion "1"]
[SourceVersionDate "2023.12.16"]
[SourceQuality "1"]

1. e4 c5 2. Nf3 Nc6 3. d4 cxd4 4. Nxd4 Nf6 5. Nc3 d6 6. Bc4 e6 7. Be3 Be7 8.
Qe2 a6 9. Bb3 Qc7 10. O-O-O O-O 11. Rhg1 Nd7 12. g4 Nc5 13. Nf5 b5 14. Bd5 Re8
15. Nxe7+ Rxe7 16. e5 Nb7 17. exd6 Qxd6 18. Be4 Qc7 19. g5 Ne5 20. Rg3 Ng6 21.
Qh5 Nf8 22. Bxh7+ Nxh7 23. Rh3 1-0

[Event "Lloyds Bank Masters 16th"]
[Site "London"]
[Date "1992.08.30"]
[Round "9"]
[White "Sadler, Matthew D"]
[Black "King, Daniel John"]
[Result "1/2-1/2"]
[WhiteElo "2515"]
[BlackElo "2510"]
[PlyCount "53"]
[EventDate "1992.08.22"]
[EventType "swiss"]
[EventRounds "10"]
[EventCountry "ENG"]
[SourceTitle "BritBase"]
[Source "John Saunders"]
[SourceDate "2023.12.16"]
[SourceVersion "1"]
[SourceVersionDate "2023.12.16"]
[SourceQuality "1"]

1. d4 Nf6 2. c4 e6 3. Nc3 Bb4 4. e3 O-O 5. Bd3 d5 6. Nf3 c5 7. O-O Nc6 8. a3
Bxc3 9. bxc3 Qc7 10. cxd5 exd5 11. Nh4 Ne7 12. a4 Re8 13. Ba3 c4 14. Bc2 Ng6
15. Nf5 Ne4 16. Bxe4 Rxe4 17. Ng3 Re8 18. Qh5 Qc6 19. a5 Be6 20. f4 f5 21. Nxf5
Bxf5 22. Qxf5 Rxe3 23. Qg5 h6 24. Qg4 Nf8 25. Rae1 Rxe1 26. Rxe1 Re8 27. Bxf8
1/2-1/2

[Event "Lloyds Bank Masters 16th"]
[Site "London"]
[Date "1992.08.30"]
[Round "9"]
[White "Thipsay, Praveen Mahadeo"]
[Black "Van Wely, Loek"]
[Result "1/2-1/2"]
[WhiteElo "2475"]
[BlackElo "2525"]
[PlyCount "61"]
[EventDate "1992.08.22"]
[EventType "swiss"]
[EventRounds "10"]
[EventCountry "ENG"]
[SourceTitle "BritBase"]
[Source "John Saunders"]
[SourceDate "2023.12.16"]
[SourceVersion "1"]
[SourceVersionDate "2023.12.16"]
[SourceQuality "1"]

1. e4 d5 2. exd5 Qxd5 3. Nc3 Qa5 4. d4 Nf6 5. Nf3 c6 6. Ne5 Bf5 7. Bd3 Bxd3 8.
Qxd3 Nbd7 9. Nxd7 Nxd7 10. O-O e6 11. Bf4 Nf6 12. Be5 O-O-O 13. Qf3 Be7 14. a3
Qa6 15. Rfe1 Rd7 16. Ne4 Qb6 17. c3 Nxe4 18. Qxe4 Bf6 19. b4 Rd5 20. Bg3 h5 21.
h3 Kd7 22. Be5 Qb5 23. Re3 Ke7 24. Qf4 Rh6 25. a4 Qb6 26. a5 Qd8 27. Rae1 Rg6
28. Rf3 a6 29. Re4 Kf8 30. Kh2 Qe7 31. Qe3 1/2-1/2

[Event "Lloyds Bank Masters 16th"]
[Site "London"]
[Date "1992.08.30"]
[Round "9"]
[White "Timoscenko, Gennadij A"]
[Black "Watson, William Nicholas"]
[Result "1/2-1/2"]
[WhiteElo "2515"]
[BlackElo "2555"]
[PlyCount "29"]
[EventDate "1992.08.22"]
[EventType "swiss"]
[EventRounds "10"]
[EventCountry "ENG"]
[SourceTitle "BritBase"]
[Source "John Saunders"]
[SourceDate "2023.12.16"]
[SourceVersion "1"]
[SourceVersionDate "2023.12.16"]
[SourceQuality "1"]

1. d4 d6 2. e4 Nf6 3. Nc3 g6 4. Nf3 Bg7 5. Be2 O-O 6. O-O Bg4 7. Be3 Nc6 8. Qd2
e5 9. dxe5 dxe5 10. Rad1 Qc8 11. h3 Rd8 12. Qc1 Bxf3 13. Bxf3 Nd4 14. Bxd4 Rxd4
15. Nd5 1/2-1/2